Εφαρμοσμένη γνωστική γλωσσολογία και διδασκαλία των ιδιωτισμών της τουρκικής ως δεύτερης ξένης γλώσσας : διπλωματική εργασία [μεταπτυχιακή εργασία]
Αποθηκεύτηκε σε:
| Κύριος συγγραφέας: | |
|---|---|
| Συγγραφή απο Οργανισμό/Αρχή: | |
| Μορφή: | Thesis Βιβλίο |
| Γλώσσα: | Greek |
| Δημοσίευση: |
2017.
|
| Θέματα: | |
| Διαθέσιμο Online: | http://hdl.handle.net/11610/24174 |
| Ετικέτες: |
Προσθήκη ετικέτας
Δεν υπάρχουν, Καταχωρήστε ετικέτα πρώτοι!
|
MARC
| LEADER | 00000cam a2200000 a 4500 | ||
|---|---|---|---|
| 001 | 1/114508 | ||
| 008 | 170718s2017####gr | ||| |||| ||gre|| | ||
| 040 | |a GR-MyUa |b gre |c GR-MyUa |e AACR2 | ||
| 041 | 0 | |a gre | |
| 082 | 7 | |a 494.355 |2 (23) | |
| 100 | 1 | |a Αλέξη, Αναστασία. | |
| 245 | 1 | 0 | |a Εφαρμοσμένη γνωστική γλωσσολογία και διδασκαλία των ιδιωτισμών της τουρκικής ως δεύτερης ξένης γλώσσας : |b διπλωματική εργασία [μεταπτυχιακή εργασία] / |c Αλέξη Αναστασία ; επιβλέπων καθηγητής: Γαλαντόμος Ιωάννης. |
| 260 | |c 2017. | ||
| 300 | |a 83 σ. ; |c 30 εκ. | ||
| 500 | |a Υπάρχει ψηφιακό αντίγραφο. | ||
| 500 | |a Μέλη εξεταστικής επιτροπής: Ανδρέου Γεωργία, Kappler Matthias. | ||
| 502 | |a Διατριβή (μεταπτυχιακή) – Πανεπιστήμιο Αιγαίου, Ρόδος, 2017. | ||
| 504 | |a Βιβλιογραφία: σ. 72-83. | ||
| 506 | 0 | |a Πλήρες κείμενο - Ελεύθερη δημοσίευση. | |
| 650 | 0 | |a Turkish language, Modern |x Study and teaching. | |
| 650 | 0 | |a Linguistics. | |
| 650 | 0 | |a Cognitive grammar. | |
| 700 | 1 | |a Γαλαντόμος, Ιωάννης, |e dgs | |
| 710 | 2 | |a Πανεπιστήμιο Αιγαίου |b Σχολή Ανθρωπιστικών Επιστημών |b Τμήμα Μεσογειακών Σπουδών |b Πρόγραμμα Μεταπτυχιακών Σπουδών Γλωσσολογία Νοτιοανατολικής Μεσογείου. | |
| 852 | |a INST |b RHODES |c DIATR |e 20170718 |h 494.355 ΑΛΕ |p 005400039414 |q 005400039414 |t MTXE |y 23 | ||
| 856 | |u http://hdl.handle.net/11610/24174 | ||
| 924 | |a Αλέξη |b Αναστασία |y Ρόδος |z 2017-03 | ||
| 970 | |z 18-07-2017 | ||